[Event "World Youth & Cadets Blitz Championships"]
[Site "Rhodes, Greece"]
[Date "2022.05.03"]
[Round "6.18"]
[White "Lechowski, Witold"]
[Black "Mamedov, Edgar"]
[Result "0-1"]
[TimeControl "5'/game & 2\"/move"]
[WhiteElo "1684"]
[BlackElo "2027"]

1. d4 {[%clk 00:05:03]} d5 {[%clk 00:05:03]} {[%emt 00:00:02]} 2. c4 {[%clk
00:05:04]} {[%emt 00:00:01]} e6 {[%clk 00:05:04]} {[%emt 00:00:02]} 3. Nf3
{[%clk 00:05:05]} {[%emt 00:00:01]} Nf6 {[%clk 00:05:03]} {[%emt 00:00:02]} 4.
Nc3 {[%clk 00:05:05]} {[%emt 00:00:01]} c6 {[%clk 00:05:03]} {[%emt 00:00:03]}
5. Bg5 {[%clk 00:05:06]} h6 {[%clk 00:04:59]} {[%emt 00:00:05]} 6. Bh4 {[%clk
00:05:07]} Nbd7 {[%clk 00:04:56]} {[%emt 00:00:07]} 7. e3 {[%clk 00:05:08]} Be7
{[%clk 00:04:55]} {[%emt 00:00:03]} 8. Bd3 {[%clk 00:05:08]} O-O {[%clk
00:04:54]} {[%emt 00:00:04]} 9. O-O {[%clk 00:05:07]} {[%emt 00:00:02]} dxc4
{[%clk 00:04:54]} {[%emt 00:00:03]} 10. Bxc4 {[%clk 00:05:07]} {[%emt
00:00:01]} b5 {[%clk 00:04:55]} {[%emt 00:00:02]} 11. Bd3 {[%clk 00:05:08]}
{[%emt 00:00:01]} a6 {[%clk 00:04:52]} {[%emt 00:00:05]} 12. Bxf6 {[%clk
00:05:02]} {[%emt 00:00:07]} Nxf6 {[%clk 00:04:44]} {[%emt 00:00:11]} 13. Ne4
{[%clk 00:05:03]} Nxe4 {[%clk 00:04:30]} {[%emt 00:00:16]} 14. Bxe4 {[%clk
00:05:03]} {[%emt 00:00:02]} Bb7 {[%emt 00:00:03]} 15. Rc1 {[%clk 00:05:02]}
{[%emt 00:00:01]} Rc8 {[%clk 00:04:31]} {[%emt 00:00:03]} 16. Ne5 {[%clk
00:04:58]} {[%emt 00:00:05]} Qd6 {[%clk 00:04:19]} {[%emt 00:00:13]} 17. Qf3
{[%clk 00:04:45]} {[%emt 00:00:15]} Rc7 {[%clk 00:03:48]} {[%emt 00:00:34]} 18.
Rc3 {[%clk 00:04:26]} {[%emt 00:00:21]} Bf6 {[%clk 00:03:21]} {[%emt 00:00:29]}
19. Bxc6 {[%clk 00:03:50]} {[%emt 00:00:38]} Bxc6 {[%clk 00:03:14]} {[%emt
00:00:09]} 20. Rxc6 {[%clk 00:03:46]} {[%emt 00:00:06]} Rxc6 {[%clk 00:03:13]}
{[%emt 00:00:02]} 21. Nxc6 {[%clk 00:03:47]} {[%emt 00:00:01]} Rc8 {[%clk
00:03:10]} {[%emt 00:00:06]} 22. Rc1 {[%clk 00:03:31]} {[%emt 00:00:17]} Kf8
{[%clk 00:03:02]} {[%emt 00:00:11]} 23. Rc3 {[%clk 00:03:29]} {[%emt 00:00:03]}
b4 {[%clk 00:02:07]} {[%emt 00:00:58]} 24. Nxb4 {[%clk 00:03:20]} {[%emt
00:00:09]} Rb8 {[%clk 00:02:04]} {[%emt 00:00:07]} 25. Nd3 {[%clk 00:03:13]}
{[%emt 00:00:08]} Kg8 {[%clk 00:01:44]} {[%emt 00:00:23]} 26. g3 {[%clk
00:03:12]} {[%emt 00:00:03]} Kh7 {[%clk 00:01:32]} {[%emt 00:00:14]} 27. Qe4+
{[%clk 00:03:07]} {[%emt 00:00:07]} Kh8 {[%clk 00:01:26]} {[%emt 00:00:07]} 28.
Qc6 {[%clk 00:03:07]} {[%emt 00:00:03]} Qd8 {[%emt 00:00:04]} 29. Qxa6 {[%clk
00:03:02]} {[%emt 00:00:06]} Ra8 {[%clk 00:01:22]} {[%emt 00:00:05]} 30. Qc4
{[%clk 00:03:02]} {[%emt 00:00:01]} g6 {[%clk 00:01:20]} {[%emt 00:00:05]} 31.
b4 {[%clk 00:02:47]} {[%emt 00:00:18]} Kg7 {[%clk 00:01:19]} {[%emt 00:00:03]}
32. Nc5 {[%clk 00:02:42]} {[%emt 00:00:05]} h5 {[%clk 00:01:14]} {[%emt
00:00:08]} 33. a4 {[%clk 00:02:25]} {[%emt 00:00:20]} h4 {[%clk 00:01:14]}
{[%emt 00:00:01]} 34. g4 {[%clk 00:02:13]} {[%emt 00:00:13]} h3 {[%clk
00:01:09]} {[%emt 00:00:08]} 35. b5 {[%emt 00:00:11]} e5 {[%clk 00:01:04]}
{[%emt 00:00:06]} 36. d5 {[%clk 00:01:52]} {[%emt 00:00:15]} Rc8 {[%clk
00:00:59]} {[%emt 00:00:07]} 37. Ne6+ {[%clk 00:01:51]} {[%emt 00:00:03]} fxe6
{[%clk 00:00:55]} {[%emt 00:00:06]} 38. Qxc8 {[%clk 00:01:42]} Qxd5 {[%clk
00:00:49]} {[%emt 00:00:19]} 39. Rc7+ {[%clk 00:01:41]} Kh6 {[%clk 00:00:45]}
{[%emt 00:00:09]} 0-1

[Event "World Youth & Cadets Blitz Championships"]
[Site "Rhodes, Greece"]
[Date "2022.05.03"]
[Round "6.19"]
[White "Balint, Peter"]
[Black "Yu, Rock"]
[Result "0-1"]
[TimeControl "5'/game & 2\"/move"]
[WhiteElo "1949"]
[BlackElo "1488"]

1. e4 {[%clk 00:05:04]} Nf6 {[%clk 00:05:03]} {[%emt 00:00:01]} 2. e5 {[%clk
00:05:04]} {[%emt 00:00:02]} Nd5 {[%clk 00:05:04]} {[%emt 00:00:01]} 3. c4
{[%clk 00:05:05]} Nb6 {[%clk 00:05:05]} {[%emt 00:00:01]} 4. d4 {[%clk
00:05:06]} {[%emt 00:00:01]} d6 {[%clk 00:05:06]} {[%emt 00:00:01]} 5. exd6
{[%clk 00:05:07]} {[%emt 00:00:01]} cxd6 {[%clk 00:05:07]} 6. Nc3 {[%clk
00:05:03]} {[%emt 00:00:06]} g6 {[%clk 00:05:08]} {[%emt 00:00:01]} 7. Nf3
{[%clk 00:05:01]} {[%emt 00:00:03]} Bg7 {[%clk 00:05:10]} 8. Be3 {[%clk
00:05:00]} {[%emt 00:00:02]} O-O {[%clk 00:05:10]} {[%emt 00:00:02]} 9. Be2
{[%clk 00:04:31]} {[%emt 00:00:32]} Nc6 {[%clk 00:05:08]} {[%emt 00:00:04]} 10.
O-O {[%clk 00:04:09]} {[%emt 00:00:24]} Bg4 {[%clk 00:05:09]} {[%emt 00:00:02]}
11. b3 {[%clk 00:03:57]} {[%emt 00:00:14]} d5 {[%clk 00:05:09]} 12. c5 {[%clk
00:03:32]} {[%emt 00:00:27]} Nc8 {[%clk 00:05:10]} 13. Ne1 {[%clk 00:03:05]}
{[%emt 00:00:28]} Bxe2 {[%clk 00:05:05]} {[%emt 00:00:08]} 14. Nxe2 {[%clk
00:03:06]} {[%emt 00:00:01]} e6 {[%clk 00:05:06]} {[%emt 00:00:02]} 15. Nc2
{[%clk 00:02:50]} {[%emt 00:00:18]} N8e7 {[%clk 00:04:58]} {[%emt 00:00:09]} 16.
f3 {[%clk 00:02:44]} {[%emt 00:00:08]} Nf5 {[%clk 00:04:43]} {[%emt 00:00:17]}
17. Bf2 {[%clk 00:02:43]} {[%emt 00:00:03]} a5 {[%clk 00:04:41]} {[%emt
00:00:04]} 18. a3 {[%clk 00:02:42]} {[%emt 00:00:03]} b6 {[%clk 00:04:31]}
{[%emt 00:00:12]} 19. b4 {[%clk 00:02:42]} {[%emt 00:00:03]} bxc5 {[%clk
00:04:26]} {[%emt 00:00:06]} 20. bxc5 {[%clk 00:02:41]} {[%emt 00:00:03]} Rb8
{[%clk 00:04:21]} {[%emt 00:00:07]} 21. Qd3 {[%clk 00:02:38]} {[%emt 00:00:05]}
Qd7 {[%clk 00:04:20]} {[%emt 00:00:03]} 22. g4 {[%clk 00:02:32]} {[%emt
00:00:08]} Nfe7 {[%clk 00:04:11]} {[%emt 00:00:10]} 23. Bg3 {[%clk 00:02:31]}
{[%emt 00:00:04]} e5 {[%clk 00:03:57]} {[%emt 00:00:16]} 24. Rab1 {[%clk
00:02:16]} {[%emt 00:00:17]} f6 {[%clk 00:03:25]} {[%emt 00:00:35]} 25. dxe5
{[%clk 00:01:31]} {[%emt 00:00:47]} fxe5 {[%clk 00:03:25]} {[%emt 00:00:01]} 26.
Ne3 {[%clk 00:01:30]} {[%emt 00:00:03]} d4 {[%clk 00:03:10]} {[%emt 00:00:17]}
27. Nc4 {[%clk 00:01:29]} {[%emt 00:00:03]} Qd5 {[%clk 00:03:07]} {[%emt
00:00:05]} 28. Rbc1 {[%clk 00:01:27]} {[%emt 00:00:04]} Qxc5 {[%clk 00:02:45]}
{[%emt 00:00:23]} 29. Nxe5 {[%clk 00:01:26]} {[%emt 00:00:03]} Nxe5 {[%clk
00:02:41]} {[%emt 00:00:06]} 30. Rxc5 {[%clk 00:01:03]} {[%emt 00:00:26]} Nxd3
{[%clk 00:02:41]} {[%emt 00:00:02]} 31. Bxb8 {[%clk 00:01:04]} {[%emt
00:00:01]} Nxc5 {[%clk 00:02:27]} {[%emt 00:00:16]} 32. Bd6 {[%clk 00:01:05]}
Nb7 {[%clk 00:02:28]} {[%emt 00:00:01]} 33. Bxe7 {[%clk 00:01:05]} {[%emt
00:00:02]} Re8 {[%clk 00:02:28]} {[%emt 00:00:01]} 34. Nf4 {[%clk 00:00:43]}
{[%emt 00:00:24]} Rxe7 {[%clk 00:02:28]} {[%emt 00:00:03]} 35. Rd1 {[%clk
00:00:44]} {[%emt 00:00:02]} Nc5 {[%clk 00:02:21]} {[%emt 00:00:09]} 36. Rc1
{[%clk 00:00:41]} {[%emt 00:00:04]} Ne6 {[%clk 00:02:20]} {[%emt 00:00:03]} 37.
Nd3 {[%clk 00:00:38]} {[%emt 00:00:05]} Rc7 {[%clk 00:02:20]} {[%emt 00:00:02]}
38. Re1 {[%clk 00:00:35]} {[%emt 00:00:05]} Kf7 {[%clk 00:02:20]} {[%emt
00:00:01]} 39. Rd1 {[%clk 00:00:25]} {[%emt 00:00:13]} Rc3 {[%clk 00:02:14]}
{[%emt 00:00:09]} 40. a4 {[%clk 00:00:25]} {[%emt 00:00:02]} Nc5 {[%clk
00:02:14]} {[%emt 00:00:01]} 41. Nf4 {[%clk 00:00:22]} {[%emt 00:00:05]} Rxf3
{[%clk 00:02:11]} {[%emt 00:00:05]} 42. Nd5 {[%clk 00:00:20]} {[%emt 00:00:04]}
Nxa4 {[%clk 00:02:06]} {[%emt 00:00:07]} 43. Kg2 {[%clk 00:00:20]} {[%emt
00:00:02]} Nc3 {[%clk 00:01:52]} {[%emt 00:00:17]} 44. Rd2 {[%clk 00:00:09]}
{[%emt 00:00:12]} Ne4 {[%clk 00:01:31]} {[%emt 00:00:23]} 45. Ra2 {[%clk
00:00:05]} {[%emt 00:00:07]} Rb3 {[%clk 00:01:22]} {[%emt 00:00:10]} 46. Rxa5
{[%clk 00:00:05]} {[%emt 00:00:01]} d3 {[%clk 00:01:22]} {[%emt 00:00:03]} 47.
Ra2 {[%clk 00:00:06]} {[%emt 00:00:01]} d2 {[%clk 00:01:22]} {[%emt 00:00:02]}
48. Ra1 {[%clk 00:00:07]} {[%emt 00:00:01]} Rd3 {[%clk 00:01:20]} {[%emt
00:00:04]} 49. Rf1+ {[%clk 00:00:07]} {[%emt 00:00:02]} Kg8 {[%clk 00:01:15]}
{[%emt 00:00:06]} 50. Ne7+ {[%clk 00:00:07]} {[%emt 00:00:03]} Kh8 {[%clk
00:01:13]} {[%emt 00:00:03]} 51. Rb1 {[%clk 00:00:04]} {[%emt 00:00:06]} d1=Q
{[%clk 00:01:09]} {[%emt 00:00:06]} 52. Rb8+ {[%clk 00:00:05]} {[%emt
00:00:01]} Rd8 {[%clk 00:01:10]} {[%emt 00:00:01]} 0-1

[Event "World Youth & Cadets Blitz Championships"]
[Site "Rhodes, Greece"]
[Date "2022.05.03"]
[Round "6.20"]
[White "Gloeckler, Christian"]
[Black "Murawski, Jan"]
[Result "1-0"]
[TimeControl "5'/game & 2\"/move"]
[WhiteElo "1595"]
[BlackElo "1376"]

1. e4 {[%clk 00:05:03]} {[%emt 00:00:02]} e5 {[%clk 00:05:03]} {[%emt
00:00:01]} 2. Nf3 {[%clk 00:05:04]} {[%emt 00:00:01]} Nc6 {[%clk 00:05:05]} 3.
Bb5 {[%clk 00:05:05]} {[%emt 00:00:01]} f5 {[%clk 00:05:05]} {[%emt 00:00:02]}
4. d3 {[%clk 00:05:04]} {[%emt 00:00:02]} fxe4 {[%clk 00:05:05]} {[%emt
00:00:01]} 5. dxe4 {[%clk 00:05:05]} {[%emt 00:00:01]} Nf6 {[%clk 00:05:06]}
{[%emt 00:00:02]} 6. Bg5 {[%clk 00:05:02]} {[%emt 00:00:04]} Bc5 {[%clk
00:05:02]} {[%emt 00:00:06]} 7. O-O {[%clk 00:04:55]} {[%emt 00:00:10]} O-O
{[%clk 00:05:01]} {[%emt 00:00:03]} 8. Bxf6 {[%clk 00:04:56]} {[%emt 00:00:02]}
Qxf6 {[%clk 00:04:59]} {[%emt 00:00:03]} 9. Qd5+ {[%clk 00:04:56]} {[%emt
00:00:02]} Qf7 {[%clk 00:04:53]} {[%emt 00:00:07]} 10. Qxc5 {[%clk 00:04:57]}
d6 {[%clk 00:04:55]} {[%emt 00:00:02]} 11. Qc4 {[%clk 00:04:51]} {[%emt
00:00:07]} Be6 {[%clk 00:04:56]} 12. Qe2 {[%clk 00:04:50]} {[%emt 00:00:03]}
Bg4 {[%clk 00:04:55]} {[%emt 00:00:03]} 13. Bc4 {[%clk 00:04:50]} {[%emt
00:00:02]} Be6 {[%clk 00:04:53]} {[%emt 00:00:04]} 14. Bxe6 {[%clk 00:04:46]}
{[%emt 00:00:06]} Qxe6 {[%clk 00:04:54]} {[%emt 00:00:02]} 15. Nbd2 {[%clk
00:04:46]} h6 {[%clk 00:04:44]} {[%emt 00:00:12]} 16. Qc4 {[%clk 00:04:47]}
Qxc4 {[%clk 00:04:42]} {[%emt 00:00:04]} 17. Nxc4 {[%clk 00:04:48]} g5 {[%clk
00:04:43]} {[%emt 00:00:01]} 18. h3 {[%clk 00:04:46]} {[%emt 00:00:04]} Ne7
{[%clk 00:04:40]} {[%emt 00:00:05]} 19. Ne3 {[%clk 00:04:46]} {[%emt 00:00:02]}
c6 {[%clk 00:04:39]} {[%emt 00:00:03]} 20. Rad1 {[%clk 00:04:46]} {[%emt
00:00:02]} Rad8 {[%clk 00:04:40]} {[%emt 00:00:01]} 21. c4 {[%clk 00:04:46]}
{[%emt 00:00:02]} Kg7 {[%clk 00:04:30]} {[%emt 00:00:12]} 22. Rd3 {[%clk
00:04:40]} {[%emt 00:00:08]} Kg6 {[%clk 00:04:28]} {[%emt 00:00:04]} 23. Rfd1
{[%clk 00:04:40]} {[%emt 00:00:02]} Rf6 {[%clk 00:04:29]} {[%emt 00:00:01]} 24.
Nxe5+ {[%clk 00:00:00]} {[%emt 00:00:32]} Kg7 {[%clk 00:04:12]} {[%emt
00:00:34]} 25. N5g4 {[%clk 00:05:38]} {[%emt 00:00:03]} Re6 {[%clk 00:04:12]}
{[%emt 00:00:03]} 26. Nf5+ {[%clk 00:05:38]} {[%emt 00:00:01]} Nxf5 {[%clk
00:04:12]} {[%emt 00:00:01]} 27. exf5 {[%clk 00:05:39]} {[%emt 00:00:01]} Re2
{[%clk 00:04:12]} {[%emt 00:00:02]} 28. R3d2 {[%clk 00:05:37]} {[%emt
00:00:05]} Re4 {[%clk 00:04:13]} {[%emt 00:00:01]} 29. Rxd6 {[%clk 00:05:36]}
{[%emt 00:00:03]} Rxd6 {[%clk 00:04:14]} {[%emt 00:00:02]} 30. Rxd6 {[%clk
00:05:36]} {[%emt 00:00:01]} h5 {[%clk 00:04:14]} {[%emt 00:00:02]} 31. Rd7+
{[%clk 00:05:34]} {[%emt 00:00:03]} Kf8 {[%clk 00:04:16]} 32. Nf6 {[%clk
00:05:33]} {[%emt 00:00:03]} Re2 {[%clk 00:04:15]} {[%emt 00:00:03]} 33. Rxb7
{[%clk 00:05:33]} {[%emt 00:00:02]} g4 {[%clk 00:04:15]} {[%emt 00:00:01]} 34.
hxg4 {[%clk 00:05:33]} {[%emt 00:00:02]} hxg4 {[%clk 00:04:16]} {[%emt
00:00:02]} 35. Nxg4 {[%clk 00:05:33]} {[%emt 00:00:02]} c5 {[%clk 00:04:14]}
{[%emt 00:00:03]} 36. Kf1 {[%clk 00:05:30]} {[%emt 00:00:05]} Rc2 {[%clk
00:04:14]} {[%emt 00:00:02]} 37. Ne5 {[%clk 00:05:27]} {[%emt 00:00:06]} Kg8
{[%clk 00:04:10]} {[%emt 00:00:06]} 38. f6 {[%clk 00:05:27]} {[%emt 00:00:02]}
Rc1+ {[%clk 00:04:04]} {[%emt 00:00:08]} 39. Ke2 {[%clk 00:05:28]} {[%emt
00:00:01]} Rc2+ {[%clk 00:04:05]} {[%emt 00:00:02]} 40. Kd3 {[%clk 00:05:29]}
{[%emt 00:00:01]} Rxf2 {[%clk 00:04:05]} 41. Rb8+ {[%clk 00:05:13]} {[%emt
00:00:18]} Kh7 {[%clk 00:04:05]} {[%emt 00:00:02]} 42. f7 {[%clk 00:05:13]}
{[%emt 00:00:02]} Kg7 {[%clk 00:04:06]} {[%emt 00:00:01]} 43. f8=Q+ {[%clk
00:05:12]} {[%emt 00:00:03]} Rf5 {[%emt 00:00:04]} 44. Rc8+ Rxf8 45. Rxf8
{[%clk 00:05:12]} a5 {[%emt 00:00:02]} 46. Rf7+ {[%clk 00:05:11]} {[%emt
00:00:01]} Kg8 {[%clk 00:04:06]} 47. Ke4 {[%clk 00:05:11]} {[%emt 00:00:02]} a4
{[%clk 00:04:07]} 48. Kf5 {[%clk 00:05:11]} {[%emt 00:00:02]} a3 {[%clk
00:04:09]} 49. bxa3 {[%clk 00:05:11]} {[%emt 00:00:01]} Kh8 {[%clk 00:04:09]}
50. Kg6 {[%clk 00:05:09]} {[%emt 00:00:04]} Kg8 {[%clk 00:04:11]} {[%emt
00:00:01]} 51. Rf6 {[%clk 00:05:10]} {[%emt 00:00:01]} Kh8 {[%clk 00:04:10]}
{[%emt 00:00:02]} 52. Rf8# {[%clk 00:05:11]} 1-0

[Event "World Youth & Cadets Blitz Championships"]
[Site "Rhodes, Greece"]
[Date "2022.05.03"]
[Round "6.21"]
[White "Jalving, August"]
[Black "Shilon Rahav, Eliran"]
[Result "0-1"]
[TimeControl "5'/game & 2\"/move"]
[WhiteElo "1908"]
[BlackElo "1338"]

1. Nf3 {[%clk 00:05:01]} {[%emt 00:00:03]} d5 {[%clk 00:05:03]} 2. g3 {[%clk
00:05:01]} {[%emt 00:00:03]} e6 {[%clk 00:05:04]} {[%emt 00:00:01]} 3. d4
{[%clk 00:04:57]} {[%emt 00:00:06]} f5 {[%clk 00:05:05]} 4. Bg2 {[%clk
00:04:48]} {[%emt 00:00:11]} Nf6 {[%clk 00:05:06]} {[%emt 00:00:02]} 5. c4
{[%clk 00:04:47]} {[%emt 00:00:02]} c6 {[%clk 00:05:07]} {[%emt 00:00:01]} 6.
Nbd2 {[%clk 00:04:44]} {[%emt 00:00:05]} Bd6 {[%clk 00:05:06]} {[%emt
00:00:03]} 7. Ne5 {[%clk 00:04:43]} {[%emt 00:00:04]} O-O {[%clk 00:04:08]}
{[%emt 00:00:59]} 8. Ndf3 {[%clk 00:04:35]} {[%emt 00:00:10]} b6 {[%clk
00:03:59]} {[%emt 00:00:11]} 9. O-O {[%clk 00:04:31]} {[%emt 00:00:05]} Bb7
{[%clk 00:03:59]} {[%emt 00:00:03]} 10. b3 {[%clk 00:04:27]} {[%emt 00:00:07]}
Ne4 {[%clk 00:03:50]} {[%emt 00:00:10]} 11. Bf4 {[%clk 00:04:13]} {[%emt
00:00:16]} Nd7 {[%clk 00:03:13]} {[%emt 00:00:39]} 12. h4 {[%clk 00:04:12]}
{[%emt 00:00:03]} Rc8 {[%clk 00:03:03]} {[%emt 00:00:12]} 13. Ng6 {[%clk
00:03:50]} {[%emt 00:00:25]} hxg6 {[%clk 00:03:00]} {[%emt 00:00:04]} 14. Bxd6
{[%clk 00:03:50]} {[%emt 00:00:02]} Nxd6 {[%clk 00:03:01]} {[%emt 00:00:02]} 15.
Nd2 {[%clk 00:03:30]} {[%emt 00:00:22]} dxc4 {[%clk 00:02:57]} {[%emt
00:00:05]} 16. Nxc4 {[%clk 00:03:30]} {[%emt 00:00:02]} Nxc4 {[%clk 00:02:58]}
17. bxc4 {[%clk 00:03:31]} {[%emt 00:00:01]} Nf6 {[%clk 00:02:55]} {[%emt
00:00:05]} 18. e3 {[%clk 00:03:16]} {[%emt 00:00:17]} Qd7 {[%clk 00:02:49]}
{[%emt 00:00:08]} 19. Qb3 {[%clk 00:03:15]} {[%emt 00:00:03]} c5 {[%clk
00:02:43]} {[%emt 00:00:08]} 20. d5 {[%clk 00:02:46]} {[%emt 00:00:31]} exd5
{[%clk 00:02:37]} {[%emt 00:00:08]} 21. Rfd1 {[%clk 00:02:47]} {[%emt
00:00:02]} Rfd8 {[%clk 00:02:13]} {[%emt 00:00:26]} 22. cxd5 {[%clk 00:02:40]}
{[%emt 00:00:09]} Bxd5 {[%clk 00:02:08]} {[%emt 00:00:07]} 23. Bxd5+ {[%clk
00:02:21]} {[%emt 00:00:21]} Nxd5 {[%clk 00:02:08]} {[%emt 00:00:02]} 24. Rd2
{[%clk 00:02:19]} {[%emt 00:00:03]} c4 {[%clk 00:01:59]} {[%emt 00:00:11]} 25.
Qc2 {[%clk 00:02:19]} {[%emt 00:00:02]} c3 {[%clk 00:01:53]} {[%emt 00:00:08]}
26. Rd4 {[%clk 00:02:19]} {[%emt 00:00:02]} Qe7 {[%clk 00:01:45]} {[%emt
00:00:10]} 27. Qb3 {[%clk 00:02:06]} {[%emt 00:00:15]} Rc5 {[%clk 00:01:27]}
{[%emt 00:00:20]} 28. Rad1 {[%clk 00:02:00]} {[%emt 00:00:08]} c2 {[%clk
00:01:20]} {[%emt 00:00:09]} 29. Rc1 {[%clk 00:01:54]} {[%emt 00:00:08]} Kh7
{[%clk 00:01:09]} {[%emt 00:00:13]} 30. Rxc2 {[%clk 00:01:54]} {[%emt
00:00:02]} Rxc2 {[%clk 00:01:10]} {[%emt 00:00:02]} 31. Qxc2 {[%clk 00:01:55]}
{[%emt 00:00:01]} Nxe3 {[%emt 00:00:13]} 32. Qd3 {[%clk 00:01:38]} {[%emt
00:00:16]} Rxd4 {[%clk 00:01:01]} {[%emt 00:00:02]} 33. Qxd4 {[%clk 00:01:39]}
Ng4 {[%clk 00:01:01]} {[%emt 00:00:02]} 34. Qf4 {[%clk 00:01:19]} {[%emt
00:00:22]} Qe1+ {[%clk 00:01:01]} {[%emt 00:00:02]} 35. Kg2 {[%clk 00:01:20]}
Qe4+ {[%clk 00:00:59]} {[%emt 00:00:04]} 36. f3 {[%clk 00:01:21]} {[%emt
00:00:02]} Qxf4 {[%clk 00:00:57]} {[%emt 00:00:04]} 37. gxf4 {[%clk 00:01:21]}
{[%emt 00:00:01]} Ne3+ {[%clk 00:00:57]} {[%emt 00:00:02]} 38. Kf2 {[%clk
00:01:21]} {[%emt 00:00:02]} Nd1+ {[%clk 00:00:58]} 39. Ke1 {[%clk 00:01:22]}
{[%emt 00:00:02]} Nc3 {[%clk 00:00:58]} 40. a3 {[%clk 00:01:23]} Nd5 {[%clk
00:00:59]} 41. Kd2 {[%clk 00:01:23]} {[%emt 00:00:03]} Nxf4 {[%clk 00:01:00]}
42. Kc3 {[%clk 00:01:24]} {[%emt 00:00:01]} Ng2 {[%clk 00:00:59]} {[%emt
00:00:03]} 43. Kb4 {[%clk 00:01:25]} a6 {[%clk 00:00:59]} {[%emt 00:00:02]} 44.
Kc4 {[%clk 00:01:24]} {[%emt 00:00:02]} Nxh4 {[%clk 00:01:00]} {[%emt
00:00:02]} 45. Kd5 {[%clk 00:01:24]} g5 {[%clk 00:00:53]} {[%emt 00:00:09]} 46.
Kc6 {[%clk 00:01:25]} g4 {[%clk 00:00:54]} {[%emt 00:00:01]} 47. fxg4 {[%emt
00:00:03]} fxg4 {[%clk 00:00:48]} {[%emt 00:00:07]} 48. Kxb6 {[%clk 00:01:25]}
{[%emt 00:00:02]} g3 {[%clk 00:00:49]} {[%emt 00:00:02]} 49. Kxa6 {[%clk
00:01:22]} {[%emt 00:00:04]} g2 {[%clk 00:00:50]} 50. Kb6 {[%clk 00:01:23]}
{[%emt 00:00:01]} g1=Q+ {[%clk 00:00:49]} {[%emt 00:00:03]} 51. Kb5 {[%clk
00:01:22]} {[%emt 00:00:02]} Qd4 {[%clk 00:00:48]} {[%emt 00:00:03]} 0-1